00629nam a2200169 i 4500001000400000100004300004245004900047250003000096260005800126300005400184505004600238651002000284040000800304041000800312008004100320856009800361bgj1 aTAYLOR, Alan John Percivaled(1906- ).10aFrom Sarajevo to Potsdam /cA. J. P. Taylor. a[1st Amer. ed.]a[repr.]. a[New York] :bHarcourt, Brace and World, Inc.,c1968. a216 pp :bill. (part col.), maps, ports ;c22 cm. aIncludes index and bibliographical notes. 9aEuropeyHistory cBPK0 aeng s uk f |000 0 eng  uhttp://koha.tu.koszalin.pl/cgi-bin/koha/opac-detail.pl?biblionumber=47522yKatalog online BPK